Statistiques concernant Les pays voisins de l'OTAN

Cliquez ici pour prendre le quiz!

Statistiques générales

  • Ce quiz a été pris 13 304 fois
    (5 414 depuis la dernière actualisation)
  • Le résultat moyen est 15 sur 24

Statistiques - réponses

VoisinsPays% Correct
Norvège, Pologne, +3Russie
94%
États-UnisMexique
81%
Roumanie, Pologne, +2Ukraine
81%
France, Italie, AllemagneSuisse
79%
Pologne, Lettonie, LituanieBiélorussie
75%
Espagne, FranceAndorre
68%
Croatie, Roumanie, +4Serbie
66%
ItalieVatican
65%
TurquieArménie
64%
FranceMonaco
64%
ItalieSaint Marin
63%
RoumanieMoldavie
62%
TurquieGéorgie
60%
Albanie, Monténégro, Macédoine du NordKosovo
59%
TurquieSyrie
59%
Croatie, MonténégroBosnie-Herzégovine
58%
Allemagne, Italie, +5Autriche
57%
TurquieAzerbaïdjan
56%
Royaume-UniIrlande
56%
TurquieIrak
55%
TurquieIran
54%
EspagneMaroc
54%
FranceBrésil
53%
FranceSuriname
43%

Distribution des résultats

Percentile par nombre de réponses

% des personnes avec chaque résultat

Votre développement - résultats

Vous n’avez pas pris ce quiz depuis la dernière actualisation